Statistics for Modern-Day Countries by GDP (PPP)

Click here to take the quiz!

General Stats

  • This quiz has been taken 24 times
  • The average score is 45 of 45

Answer Stats

1995% Correct
8BrazilSouth America
100%
7BrazilSouth America
100%
9BrazilSouth America
100%
15CanadaNorthern America
100%
12CanadaNorthern America
100%
15CanadaNorthern America
100%
9CanadaNorthern America
100%
1ChinaEast Asia
100%
2ChinaEast Asia
100%
2ChinaEast Asia
100%
9FranceWestern Europe
100%
8FranceWestern Europe
100%
7FranceWestern Europe
100%
5GermanyCentral Europe
100%
4GermanyCentral Europe
100%
5GermanyCentral Europe
100%
3IndiaSouth Asia
100%
5IndiaSouth Asia
100%
4IndiaSouth Asia
100%
7IndonesiaSoutheast Asia
100%
11IndonesiaSoutheast Asia
100%
11IndonesiaSoutheast Asia
100%
8ItalySouthern Europe
100%
10ItalySouthern Europe
100%
13ItalySouthern Europe
100%
3JapanEast Asia
100%
3JapanEast Asia
100%
4JapanEast Asia
100%
6RussiaEastern Europe
100%
10RussiaEastern Europe
100%
6RussiaEastern Europe
100%
14South KoreaEast Asia
100%
14South KoreaEast Asia
100%
15South KoreaEast Asia
100%
14SpainWestern Europe
100%
13SpainSouthern Europe
100%
6United KingdomWestern Europe
100%
9United KingdomWestern Europe
100%
10United KingdomWestern Europe
100%
12MexicoCentral America
96%
12MexicoCentral America
96%
2United StatesNorthern America
96%
1United StatesNorthern America
96%
1United StatesNorthern America
96%
11TurkeyWest Asia
91%

Score Distribution

Percentile by Number Answered

Percent of People with Each Score

Your Score History

You have not taken this quiz